000
00298nam a2200109 4500
999
_c
9674
_d
9674
008
180713b ||||| |||| 00| 0 eng d
245
_a
Over 4-K anti-smoking violators apprehended.
260
_a
Davao City
_b
Sun Star Davao
_c
c2017
300
_a
page 2.
650
0
_9
28663
_a
Smoking.
942
_2
ddc
_c
PER